Länder mit den meisten Hinduisten - Statistiken

Allgemein
  • Dieses Quiz wurde 672 mal gespielt
  • Das Durchschnittsergebnis liegt bei 10 aus 15
Antwortstatistiken
Platz Land Anzahl an Hinduisten
Anteil in %
% Korrekt
1. Indien 1.090,4 Mio. 79,8%
100%
9. China 1,4 Mio. 0,1%
92%
5. Pakistan 4,33 Mio. 2%
92%
2. Nepal 23,26 Mio. 81,3%
89%
3. Bangladesch 15,65 Mio. 9,6%
86%
7. Sri Lanka 2,75 Mio. 12,6%
81%
6. Vereinigte Staaten 3,28 Mio. 1%
79%
4. Indonesien 4,6 Mio. 1,7%
78%
8. Malaysia 2,01 Mio. 6,3%
65%
10. Vereinigtes Königreich 0,87 Mio. 1,3%
64%
15. Singapur 0,3 Mio. 5,2%
52%
13. Vereinigte Arabische Emirate 0,35 Mio. 3,6%
26%
14. Katar 0,34 Mio. 12%
24%
12. Kuwait 0,35 Mio. 8,3%
20%
11. Mauritius 0,61 Mio. 48,5%
19%
Keine übereinstimmenden Quizze gefunden
Verteilung der Resultate
Anzahl Personen mit jedem Resultat
Perzentil nach korrekt beantworteten Fragen
Ihre Resultats-Entwicklung
Sie haben dieses Quiz noch nicht gespielt